<?xml version="1.0" encoding="UTF-8"?>
<record
    xmlns:xsi="http://www.w3.org/2001/XMLSchema-instance"
    xsi:schemaLocation="http://www.loc.gov/MARC21/slim http://www.loc.gov/standards/marcxml/schema/MARC21slim.xsd"
    xmlns="http://www.loc.gov/MARC21/slim">

  <leader>00782nam a22002537a 4500</leader>
  <controlfield tag="005">20170123162321.0</controlfield>
  <datafield tag="010" ind1=" " ind2=" ">
    <subfield code="a">143753</subfield>
  </datafield>
  <datafield tag="020" ind1=" " ind2=" ">
    <subfield code="c">3.00</subfield>
  </datafield>
  <datafield tag="035" ind1=" " ind2=" ">
    <subfield code="a">143753</subfield>
  </datafield>
  <datafield tag="037" ind1=" " ind2=" ">
    <subfield code="b">Cen Lib/Ret</subfield>
  </datafield>
  <datafield tag="040" ind1=" " ind2=" ">
    <subfield code="a">DPL</subfield>
    <subfield code="b">UR</subfield>
  </datafield>
  <datafield tag="082" ind1=" " ind2=" ">
    <subfield code="a">847</subfield>
    <subfield code="b">&#x6A9; &#x67E; &#x648;</subfield>
  </datafield>
  <datafield tag="100" ind1=" " ind2=" ">
    <subfield code="a">&#x6A9;&#x67E;&#x648;&#x631;&#x60C; &#x6A9;&#x646;&#x6C1;&#x6CC;&#x627; &#x644;&#x627;&#x644; </subfield>
    <subfield code="9">117323</subfield>
  </datafield>
  <datafield tag="245" ind1=" " ind2=" ">
    <subfield code="a">&#x628;&#x644; &#x648; &#x67E;&#x631; /</subfield>
    <subfield code="c">&#x6A9;&#x646;&#x6C1;&#x6CC;&#x627; &#x644;&#x627;&#x644; &#x6A9;&#x67E;&#x648;&#x631;</subfield>
  </datafield>
  <datafield tag="246" ind1=" " ind2=" ">
    <subfield code="a">Bal-o-par /</subfield>
    <subfield code="b">by Kanhaiya Lal Kapoor </subfield>
  </datafield>
  <datafield tag="260" ind1=" " ind2=" ">
    <subfield code="a">&#x62F;&#x6C1;&#x644;&#x6CC; </subfield>
    <subfield code="b">&#x644;&#x627;&#x62C;&#x67E;&#x62A; &#x631;&#x627;&#x626;&#x6CC; &#x627;&#x6CC;&#x646;&#x688;&#x631; &#x633;&#x646;&#x632; </subfield>
    <subfield code="c">1957</subfield>
  </datafield>
  <datafield tag="270" ind1=" " ind2=" ">
    <subfield code="b">&#x62F;&#x6C1;&#x644;&#x6CC; </subfield>
    <subfield code="a">&#x627;&#x631;&#x62F;&#x648; &#x628;&#x627;&#x632;&#x627;&#x631; </subfield>
  </datafield>
  <datafield tag="300" ind1=" " ind2=" ">
    <subfield code="a">196p.</subfield>
    <subfield code="c">17cm(Hb)</subfield>
  </datafield>
  <datafield tag="650" ind1=" " ind2=" ">
    <subfield code="a"> &#x627;&#x62F;&#x628; - &#x627;&#x631;&#x62F;&#x648;</subfield>
    <subfield code="9">117324</subfield>
  </datafield>
  <datafield tag="650" ind1=" " ind2=" ">
    <subfield code="a"> &#x627;&#x631;&#x62F;&#x648; &#x62A;&#x646;&#x642;&#x6CC;&#x62F;</subfield>
    <subfield code="9">462</subfield>
  </datafield>
  <datafield tag="650" ind1=" " ind2=" ">
    <subfield code="a">Literature -- Urdu </subfield>
    <subfield code="9">117325</subfield>
  </datafield>
  <datafield tag="650" ind1=" " ind2=" ">
    <subfield code="a">Urdu Criticism </subfield>
    <subfield code="9">117326</subfield>
  </datafield>
  <datafield tag="942" ind1=" " ind2=" ">
    <subfield code="2">ddc</subfield>
    <subfield code="c">UR</subfield>
    <subfield code="h">847</subfield>
    <subfield code="m">&#x6A9; &#x67E; &#x648;</subfield>
  </datafield>
  <datafield tag="999" ind1=" " ind2=" ">
    <subfield code="c">107120</subfield>
    <subfield code="d">107120</subfield>
  </datafield>
  <datafield tag="952" ind1=" " ind2=" ">
    <subfield code="0">0</subfield>
    <subfield code="1">0</subfield>
    <subfield code="4">0</subfield>
    <subfield code="7">0</subfield>
    <subfield code="a">L</subfield>
    <subfield code="b">L</subfield>
    <subfield code="d">2016-01-02</subfield>
    <subfield code="e">Cen Lib/Ret</subfield>
    <subfield code="g">3.00</subfield>
    <subfield code="l">0</subfield>
    <subfield code="o">847 &#x6A9; &#x67E; &#x648;</subfield>
    <subfield code="p">143753</subfield>
    <subfield code="r">2016-01-02 00:00:00</subfield>
    <subfield code="t">1</subfield>
    <subfield code="v">3.00</subfield>
    <subfield code="w">2016-01-02</subfield>
    <subfield code="y">UR</subfield>
  </datafield>
</record>
